[Event "Pyramiden Cup 2015"]
[Site "Fuerth"]
[Date "2015.09.03"]
[Round "1.57"]
[White "Hirn, Thomas"]
[Black "Troyke, Doreen"]
[Result "0-1"]
[WhiteElo "1488"]
[BlackElo "2074"]
[PlyCount "42"]
[EventDate "2015.??.??"]
[WhiteTeam "TuS Fürstenfeldbruck"]
[BlackTeam "Erfurter SK"]

1. e4 c5 2. Nf3 Nc6 3. Bc4 g6 4. c3 Bg7 5. d3 e6 6. Be3 b6 7. a4 Nge7 8. O-O
O-O 9. Na3 d5 10. exd5 exd5 11. Ba2 d4 12. Bd2 Bf5 13. cxd4 Bxd3 14. Re1 Bf5
15. Bg5 cxd4 16. Rc1 Qd7 17. Bxe7 Nxe7 18. Nb5 Nc6 19. Qd2 Rac8 20. Rc4 Be6 21.
Rxe6 Qxe6 0-1

[Event "Pyramiden Cup 2015"]
[Site "Fuerth"]
[Date "2015.09.03"]
[Round "1.58"]
[White "Kornitzky, Tino"]
[Black "Grafe, Wilhelm"]
[Result "1/2-1/2"]
[WhiteElo "1717"]
[BlackElo "2168"]
[PlyCount "71"]
[EventDate "2015.??.??"]
[WhiteTeam "SC Bamberg"]
[BlackTeam "SC NT Nürnberg"]

1. d4 Nf6 2. c4 g6 3. Nc3 Bg7 4. e4 O-O 5. Nf3 d6 6. Be2 Bg4 7. h3 Bxf3 8. Bxf3
Nc6 9. d5 Na5 10. Qd3 Nd7 11. Bf4 c5 12. O-O Ne5 13. Bxe5 Bxe5 14. Bg4 h5 15.
Be2 Bd4 16. Kh1 e5 17. Qg3 h4 18. Qg4 Kg7 19. Bd3 Qf6 20. f4 Bxc3 21. bxc3 Rae8
22. f5 g5 23. Rg1 Qh6 24. Raf1 Kf6 25. Rb1 Rg8 26. Rb5 b6 27. Rf1 Rb8 28. Rfb1
Rbd8 29. Kh2 Rd7 30. Kh1 Rh8 31. Be2 Qf8 32. Kh2 Qc8 33. R1b2 Qa6 34. Qf3 Rhd8
35. Qd3 Rg8 36. Bg4 1/2-1/2

[Event "Pyramiden Cup 2015"]
[Site "Fuerth"]
[Date "2015.09.03"]
[Round "1.59"]
[White "Dresel, Martin"]
[Black "Bitter, Frank"]
[Result "0-1"]
[WhiteElo "1699"]
[BlackElo "1914"]
[PlyCount "94"]
[EventDate "2015.??.??"]
[WhiteTeam "SC Erlangen"]
[BlackTeam "SC WD Ulm"]

1. d4 d5 2. c4 e6 3. Nc3 c5 4. Nf3 Nc6 5. cxd5 exd5 6. e3 Nf6 7. Bb5 a6 8.
Bxc6+ bxc6 9. O-O Be7 10. dxc5 Bxc5 11. b3 O-O 12. Bb2 Bg4 13. Rc1 Bd6 14. Nb1
Rc8 15. Nbd2 Nd7 16. Qc2 Re8 17. Qd3 Bxf3 18. Nxf3 a5 19. Rc2 f6 20. Rfc1 Qb6
21. Nd4 Ne5 22. Qd1 Bb4 23. a3 Bf8 24. f4 Nd7 25. Rxc6 Rxc6 26. Rxc6 Qb7 27.
Qc1 Nb8 28. Rc3 Na6 29. Rd3 Nc5 30. Rc3 Ne4 31. Rc7 Qa6 32. Nf5 Qe2 33. Rc2 Qd3
34. b4 axb4 35. axb4 Bxb4 36. Bd4 Bd2 37. Qb1 Qe2 38. h3 Qf2+ 39. Kh2 g6 40.
Nh6+ Kg7 41. Ng4 Qg3+ 42. Kg1 Re7 43. Qd1 h5 44. Nxf6 Bxe3+ 45. Bxe3 Qxe3+ 46.
Kh1 Nxf6 47. Qf1 Qe1 0-1

[Event "Pyramiden Cup 2015"]
[Site "Fuerth"]
[Date "2015.09.03"]
[Round "1.60"]
[White "Guggenberger, Guido"]
[Black "Dreiseitel, Ursula"]
[Result "1-0"]
[WhiteElo "2019"]
[BlackElo "1476"]
[PlyCount "59"]
[EventDate "2015.??.??"]
[WhiteTeam "TV Tegernsee"]
[BlackTeam "SGem Fürth"]

1. d4 Nf6 2. c4 g6 3. Nc3 Bg7 4. e4 d6 5. Nf3 Nbd7 6. Be2 O-O 7. O-O e5 8. d5
Nc5 9. Qc2 a5 10. Bg5 Bd7 11. Nd2 h6 12. Be3 Nh7 13. b3 f5 14. f3 f4 15. Bf2
Qf6 16. a3 g5 17. b4 axb4 18. axb4 Na6 19. c5 dxc5 20. bxc5 c6 21. Qb3 Rab8 22.
dxc6+ Be6 23. Bc4 Bxc4 24. Qxc4+ Qf7 25. cxb7 Qxc4 26. Nxc4 Nc7 27. c6 Ne6 28.
Ba7 Nf6 29. Bxb8 Rxb8 30. Ra8 1-0

[Event "Pyramiden Cup 2015"]
[Site "Fuerth"]
[Date "2015.09.03"]
[Round "1.61"]
[White "Oberley, Karl-Heinz"]
[Black "Colpe, Helge"]
[Result "0-1"]
[WhiteElo "1143"]
[BlackElo "2061"]
[PlyCount "42"]
[EventDate "2015.??.??"]
[WhiteTeam "SK Ingolstadt"]
[BlackTeam "Hamburger SK"]

1. e4 e5 2. Nf3 Nc6 3. d4 exd4 4. Nxd4 Bc5 5. c3 Qf6 6. Be3 d6 7. Bc4 Ne5 8.
Be2 a6 9. Nd2 Qg6 10. O-O h5 11. N2f3 h4 12. Kh1 h3 13. g3 Qxe4 14. Kg1 Bg4 15.
b4 Bxd4 16. cxd4 Nxf3+ 17. Bxf3 Bxf3 18. Qc1 O-O-O 19. a4 Re8 20. Ra2 Bh5 21.
f3 Qxe3+ 0-1

[Event "Pyramiden Cup 2015"]
[Site "Fuerth"]
[Date "2015.09.03"]
[Round "1.62"]
[White "Zeitler, Hans-Juergen"]
[Black "Loew, Gerald"]
[Result "0-1"]
[WhiteElo "1958"]
[BlackElo "2273"]
[PlyCount "58"]
[EventDate "2015.??.??"]
[WhiteTeam "SK Nürnberg"]
[BlackTeam "TSV Bindlach"]

1. d4 Nf6 2. c4 e6 3. Nf3 Bb4+ 4. Bd2 Qe7 5. Nc3 O-O 6. e3 c5 7. Be2 cxd4 8.
exd4 d5 9. O-O Nc6 10. cxd5 exd5 11. Bg5 Bxc3 12. bxc3 Qd6 13. Qb3 Ne4 14. Bc1
Re8 15. Bd3 Bg4 16. Ng5 Nxg5 17. Bxg5 Na5 18. Qb5 b6 19. Rae1 Bd7 20. Qb1 h6
21. Bd2 Rac8 22. Qd1 Nc4 23. Bc1 Qf6 24. Qh5 Rxe1 25. Rxe1 Be6 26. g4 Qf3 27.
Bf5 Bxf5 28. Qxf5 Qxf5 29. gxf5 Nd6 0-1

[Event "Pyramiden Cup 2015"]
[Site "?"]
[Date "2015.09.04"]
[Round "2.1"]
[White "Kunin, Vitaly"]
[Black "Goldsworthy, Patrick"]
[Result "1-0"]
[WhiteElo "2563"]
[BlackElo "2097"]
[PlyCount "77"]
[EventDate "2015.??.??"]
[TimeControl "6000+855"]
[WhiteClock "0:39:00"]
[BlackClock "0:00:41"]

1. d4 Nf6 2. Nf3 d5 3. c4 c6 4. Nbd2 g6 5. g3 Bg7 6. Bg2 O-O 7. O-O Qb6 8. b3
Bg4 9. Bb2 Nbd7 10. Rc1 Rfd8 11. h3 Bxf3 12. Bxf3 a5 13. Bc3 Nf8 14. e3 Ne6 15.
h4 Bh6 16. Qe2 a4 17. b4 Nc7 18. a3 Qa6 19. Bb2 Nce8 20. b5 cxb5 21. cxd5 Nxd5
22. Rc5 Ndc7 23. Be4 Bf8 24. Rfc1 Qb6 25. h5 f5 26. Bb1 e6 27. hxg6 hxg6 28.
R5c2 Rd7 29. e4 Bg7 30. Nf3 Nd6 31. exf5 exf5 32. Ba2+ Nc4 33. Nd2 Kh7 34. Kg2
Bxd4 35. Nxc4 bxc4 36. Rh1+ Kg7 37. Bxd4+ Qxd4 38. Rd2 Qxd2 39. Qe5+ 1-0

[Event "Pyramiden Cup 2015"]
[Site "?"]
[Date "2015.09.04"]
[Round "2.2"]
[White "Kahlert, Thomas"]
[Black "Krivoborodov, Egor"]
[Result "0-1"]
[WhiteElo "2178"]
[BlackElo "2518"]
[PlyCount "161"]
[EventDate "2015.??.??"]
[TimeControl "6000+790"]
[WhiteClock "0:07:14"]
[BlackClock "0:13:43"]

1. Nf3 Nf6 2. c4 g6 3. Nc3 Bg7 4. e4 d6 5. d4 O-O 6. Be2 Bg4 7. Be3 Nfd7 8. Ng1
Bxe2 9. Ngxe2 e5 10. O-O Nc6 11. f3 f5 12. exf5 gxf5 13. dxe5 Ndxe5 14. c5 Kh8
15. cxd6 Nc4 16. Bf2 Qxd6 17. Qxd6 cxd6 18. b3 Nb2 19. Rab1 Nd3 20. Rfd1 Nxf2
21. Kxf2 Rad8 22. Nb5 Rf6 23. Rbc1 d5 24. Nbd4 Bf8 25. Rc2 Bd6 26. Rdc1 Nb4 27.
Rc8 Rdf8 28. Ke3 a5 29. a4 Kg8 30. f4 b6 31. Kf3 Bc5 32. Rxf8+ Kxf8 33. Rd1 Kf7
34. h3 h5 35. g4 fxg4+ 36. hxg4 hxg4+ 37. Kxg4 Rg6+ 38. Kf3 Rh6 39. Kg2 Kf6 40.
Rh1 Rxh1 41. Kxh1 Nd3 42. Kg2 Bxd4 43. Nxd4 Nxf4+ 44. Kf3 Nd3 45. Ke3 Nc5 46.
Kf3 Ke5 47. Ke3 Ne6 48. Nc2 Nc5 49. Nd4 Na6 50. Nb5 Nb4 51. Nd4 Kd6 52. Kd2 Nc6
53. Nc2 Kc5 54. Ne3 Ne5 55. Kc2 d4 56. Nf5 Nc6 57. Kb2 Kb4 58. Nd6 Ne5 59. Nc8
Nd7 60. Ne7 Kc5 61. Kc2 Ne5 62. Nf5 Nc6 63. Kb2 Kd5 64. Kc2 Ke5 65. Ng3 Kf4 66.
Nf1 Nb4+ 67. Kd2 Kf3 68. Nh2+ Kg3 69. Nf1+ Kg2 70. Ke1 Nd3+ 71. Ke2 Nc1+ 72.
Ke1 Nxb3 73. Nd2 Nxd2 74. Kxd2 Kf2 75. Kd3 Ke1 76. Kxd4 Kd2 77. Kc4 Kc2 78. Kb5
Kb3 79. Kxb6 Kxa4 80. Kc5 Kb3 81. Kd4 0-1

[Event "Pyramiden Cup 2015"]
[Site "?"]
[Date "2015.09.04"]
[Round "2.3"]
[White "Kveinys, Aloyzas"]
[Black "Sailer, Wolfgang"]
[Result "1-0"]
[WhiteElo "2485"]
[BlackElo "2127"]
[PlyCount "36"]
[EventDate "2015.??.??"]
[TimeControl "6000+2240"]
[WhiteClock "1:04:18"]
[BlackClock "0:26:28"]

1. d4 Nf6 2. c4 c5 3. d5 b5 4. Nf3 Bb7 5. Qc2 bxc4 6. e4 e6 7. Bxc4 exd5 8.
exd5 Bxd5 9. Bxd5 Nxd5 10. O-O Be7 11. Re1 Nf6 12. Qxc5 Nc6 13. Nc3 O-O 14. Qf5
d5 15. Bg5 Rb8 16. b3 h6 17. Bh4 Ne4 18. Nxd5 Nf6 1-0

[Event "Pyramiden Cup 2015"]
[Site "?"]
[Date "2015.09.04"]
[Round "2.4"]
[White "Hoermann, Gunther"]
[Black "Ikonnikov, Vyacheslav"]
[Result "0-1"]
[WhiteElo "2092"]
[BlackElo "2518"]
[PlyCount "46"]
[EventDate "2015.??.??"]
[TimeControl "6000+1315"]
[WhiteClock "0:41:06"]
[BlackClock "0:41:58"]

1. d4 Nf6 2. c4 g6 3. Nc3 Bg7 4. e4 O-O 5. Nf3 d6 6. h3 Na6 7. Be3 Qe8 8. g4 c5
9. d5 Nc7 10. Be2 b5 11. cxb5 a6 12. a4 Rb8 13. Nd2 axb5 14. axb5 Bd7 15. g5
Nh5 16. Bxh5 gxh5 17. Qxh5 Nxb5 18. Nxb5 Bxb5 19. Ra2 Ra8 20. Rxa8 Qxa8 21. b3
Qa1+ 22. Qd1 Ra8 23. Nb1 Qb2 0-1

[Event "Pyramiden Cup 2015"]
[Site "?"]
[Date "2015.09.04"]
[Round "2.5"]
[White "Eiber, Manfred"]
[Black "Fedorovsky, Michael"]
[Result "1/2-1/2"]
[WhiteElo "2154"]
[BlackElo "2451"]
[PlyCount "71"]
[EventDate "2015.??.??"]
[TimeControl "6000+1235"]
[WhiteClock "0:02:19"]
[BlackClock "0:00:59"]

1. d4 Nf6 2. Bg5 Ne4 3. Bf4 d5 4. e3 c5 5. Bd3 cxd4 6. Bxe4 dxe4 7. Qxd4 Qxd4
8. exd4 g6 9. Nd2 Bg7 10. c3 f5 11. f3 O-O 12. fxe4 fxe4 13. Ne2 b6 14. Rf1 Bb7
15. Be3 Nd7 16. Ng3 Nf6 17. Ke2 e5 18. c4 exd4 19. Bxd4 Rad8 20. Bc3 e3 21. Nf3
Ng4 22. Bxg7 Kxg7 23. Rad1 Rxd1 24. Rxd1 Bxf3+ 25. gxf3 Ne5 26. Rd5 Nxc4 27.
Rd7+ Rf7 28. Rxf7+ Kxf7 29. b3 Nd6 30. Kxe3 Ke6 31. Kd4 Nf5+ 32. Ke4 Ne7 33. f4
Nc6 34. f5+ gxf5+ 35. Nxf5 Nb4 36. Nd4+ 1/2-1/2

[Event "Pyramiden Cup 2015"]
[Site "?"]
[Date "2015.09.04"]
[Round "2.6"]
[White "Milov, Leonid"]
[Black "Lodes, Hermann"]
[Result "1-0"]
[WhiteElo "2471"]
[BlackElo "2129"]
[PlyCount "91"]
[EventDate "2015.??.??"]
[TimeControl "6000+780"]
[WhiteClock "0:21:02"]
[BlackClock "0:14:40"]

1. e4 d5 2. exd5 Qxd5 3. Nc3 Qa5 4. d4 Nf6 5. Nf3 c6 6. Bd2 Bg4 7. h3 Bxf3 8.
Qxf3 Qd8 9. O-O-O e6 10. g4 Bb4 11. Bc4 O-O 12. g5 Nd5 13. h4 Nxc3 14. Bxc3
Bxc3 15. Qxc3 Nd7 16. f4 Nb6 17. Bb3 Nd5 18. Qf3 Ne7 19. h5 Qd6 20. c4 Nf5 21.
Bc2 Rad8 22. Rh2 Qb4 23. Bxf5 exf5 24. Qd3 Rfe8 25. a3 Qa4 26. h6 g6 27. Qc3 b5
28. d5 Qxc4 29. Qxc4 bxc4 30. dxc6 Rxd1+ 31. Kxd1 Rc8 32. Rd2 Kf8 33. Rd6 a6
34. Kc2 Ke7 35. Rf6 Rb8 36. c7 Rc8 37. Rc6 Kd7 38. Rxc4 Rxc7 39. Rxc7+ Kxc7 40.
b4 Kd6 41. a4 Kd5 42. Kd3 Ke6 43. Kd4 Kd6 44. b5 axb5 45. axb5 Kc7 46. Kc5 1-0

[Event "Pyramiden Cup 2015"]
[Site "?"]
[Date "2015.09.04"]
[Round "2.7"]
[White "Middelhoff, Cornelius"]
[Black "Moehn, Hans"]
[Result "1/2-1/2"]
[WhiteElo "2114"]
[BlackElo "2389"]
[PlyCount "152"]
[EventDate "2015.??.??"]
[TimeControl "6000+1365"]
[WhiteClock "0:01:36"]
[BlackClock "0:01:15"]

1. d4 Nf6 2. c4 e6 3. g3 Bb4+ 4. Bd2 c5 5. Bxb4 cxb4 6. Bg2 O-O 7. Nd2 d6 8.
Ngf3 Nc6 9. O-O e5 10. d5 Nb8 11. e4 Bg4 12. Qb3 a5 13. Qe3 Bxf3 14. Qxf3 Nbd7
15. Qe2 Qc7 16. Nf3 Nc5 17. Ne1 Rae8 18. Rc1 g6 19. Nd3 Nxd3 20. Qxd3 Nd7 21.
Qe3 Nc5 22. Bf3 f5 23. exf5 gxf5 24. Bh5 Re7 25. Rce1 f4 26. gxf4 Rxf4 27. Kh1
Ne4 28. Rg1+ Kh8 29. Bf3 Nf6 30. b3 b6 31. Rg3 Qc5 32. Reg1 Qd4 33. Rd1 Qxe3
34. fxe3 Rf5 35. Rdg1 Re8 36. Bg4 Rf2 37. R1g2 Rxg2 38. Rxg2 Ne4 39. Be6 Nc5
40. Rf2 a4 41. bxa4 Ra8 42. Rb2 Rxa4 43. Bf5 e4 44. Kg1 h6 45. Rg2 Ra3 46. Rb2
Nd3 47. Rd2 Nc1 48. Bxe4 Rxa2 49. Rxa2 Nxa2 50. Bc2 Nc1 51. Kf2 b3 52. Bf5 Na2
53. Ke2 Kg7 54. Kd2 Kf6 55. Bh7 Kg5 56. Kd3 Kg4 57. Bg6 Kg5 58. Bh7 Kf6 59. Kd2
Ke5 60. Bg6 Kf6 61. Bh7 Ke7 62. Bg6 Kd7 63. Bd3 Kc7 64. c5 dxc5 65. Bc4 Kd6 66.
Bxb3 Nb4 67. e4 Ke5 68. Ba4 Na6 69. Kd3 Nc7 70. Bc6 Kd6 71. Kc3 Na6 72. Kc4 Nc7
73. Kc3 Ke5 74. Kc4 Kd6 75. Kc3 Ne6 76. e5+ Kxe5 1/2-1/2

[Event "Pyramiden Cup 2015"]
[Site "?"]
[Date "2015.09.04"]
[Round "2.8"]
[White "Troyke, Christian"]
[Black "Hornung, Hans"]
[Result "1-0"]
[WhiteElo "2344"]
[BlackElo "2106"]
[PlyCount "65"]
[EventDate "2015.??.??"]
[TimeControl "6000+595"]
[WhiteClock "0:27:35"]
[BlackClock "0:12:59"]

1. g3 c5 2. Bg2 Nc6 3. c4 g6 4. Nc3 Bg7 5. h4 Nf6 6. Nh3 d6 7. Nf4 h5 8. a3 O-O
9. Rb1 Bf5 10. d3 Rb8 11. b4 Ng4 12. Bd2 Qc8 13. b5 Nce5 14. O-O Re8 15. Nfd5
Nf6 16. Bg5 Neg4 17. Qa4 Ra8 18. b6 axb6 19. Qb3 Qd8 20. Nxb6 Rb8 21. Nbd5 Nh7
22. Bd2 g5 23. f3 Ne5 24. hxg5 e6 25. Ne3 Bg6 26. f4 Nc6 27. Qb6 Qc8 28. Nb5
Qd7 29. Qc7 Qxc7 30. Nxc7 Rec8 31. Nb5 Rd8 32. Nc2 d5 33. cxd5 1-0

[Event "Pyramiden Cup 2015"]
[Site "?"]
[Date "2015.09.04"]
[Round "2.9"]
[White "Meulner, Klaus"]
[Black "Colpe, Malte"]
[Result "0-1"]
[WhiteElo "2134"]
[BlackElo "2367"]
[PlyCount "72"]
[EventDate "2015.??.??"]
[TimeControl "6000+825"]
[WhiteClock "0:01:04"]
[BlackClock "0:30:00"]

1. c4 c6 2. Nf3 d5 3. e3 Bg4 4. Qb3 Qc7 5. Ne5 Be6 6. d4 Nd7 7. Nxd7 Qxd7 8.
Nc3 Nf6 9. Bd2 g6 10. cxd5 Nxd5 11. Ne4 Nf6 12. Nxf6+ exf6 13. Bc4 Bxc4 14.
Qxc4 Be7 15. O-O O-O 16. Bb4 Bxb4 17. Qxb4 Rfe8 18. a4 f5 19. a5 f4 20. exf4
Re4 21. Rad1 Rxf4 22. Rfe1 Rd8 23. g3 Rf6 24. Qe7 Rd6 25. a6 b6 26. Rc1 Rxd4
27. Qxd7 R8xd7 28. Re8+ Kg7 29. Rb8 c5 30. Kg2 Re7 31. Rc2 f5 32. Rb7 Rdd7 33.
Rxd7 Rxd7 34. Re2 Kf7 35. h4 Rd1 36. b4 cxb4 0-1

[Event "Pyramiden Cup 2015"]
[Site "Fuerth"]
[Date "2015.09.04"]
[Round "2.10"]
[White "Ott, Florian"]
[Black "Wittmann, Helmut"]
[Result "1-0"]
[WhiteElo "2273"]
[BlackElo "2106"]
[PlyCount "45"]
[EventDate "2015.??.??"]
[WhiteTeam "SC Forchheim"]
[BlackTeam "BSG Wöhrlhaus"]

1. d4 e6 2. c4 Bb4+ 3. Bd2 Be7 4. Nc3 f5 5. e4 fxe4 6. Nxe4 Nf6 7. Bd3 O-O 8.
Nf3 Nxe4 9. Bxe4 d5 10. Bd3 Nc6 11. Qc2 Rxf3 12. gxf3 Nxd4 13. Qd1 Qf8 14. f4
dxc4 15. Be4 Bd6 16. Bc3 c5 17. Bxd4 Qxf4 18. Bxh7+ Kxh7 19. Be3 Qe5 20. Qc2+
Kh8 21. Rg1 Bd7 22. Rg5 Qf6 23. O-O-O 1-0

[Event "Pyramiden Cup 2015"]
[Site "Fuerth"]
[Date "2015.09.04"]
[Round "2.11"]
[White "Turner, Radek"]
[Black "Wenninger, Philipp"]
[Result "1/2-1/2"]
[WhiteElo "2080"]
[BlackElo "2249"]
[PlyCount "147"]
[EventDate "2015.??.??"]
[WhiteTeam "TS Regensburger"]
[BlackTeam "SC Erlangen"]

1. c4 Nf6 2. g3 e5 3. Bg2 c6 4. d4 exd4 5. Qxd4 Na6 6. Nc3 Bc5 7. Qd1 d6 8. Nf3
Be6 9. b3 Bb4 10. Bd2 d5 11. cxd5 Nxd5 12. Nxd5 Qxd5 13. Bxb4 Qxd1+ 14. Kxd1
Nxb4 15. Nd2 O-O-O 16. Kc1 Rd7 17. a3 Rhd8 18. Nc4 Na6 19. Be4 Rd4 20. Bc2 Bxc4
21. bxc4 Rxc4 22. Rd1 Re8 23. e3 Re5 24. Ra2 Kc7 25. Kb1 Rb5+ 26. Rb2 Rxb2+ 27.
Kxb2 Rc5 28. h4 h6 29. Rd4 f6 30. Rg4 g5 31. hxg5 hxg5 32. f4 Nb8 33. e4 gxf4
34. gxf4 Rh5 35. Rg7+ Nd7 36. Rf7 Kd6 37. Bd1 Rh2+ 38. Kc3 Rh3+ 39. Kb2 Rh2+
40. Kc3 Nc5 41. Rxf6+ Ke7 42. Rg6 Nxe4+ 43. Kd4 Kf7 44. Rg1 Nd6 45. Ke5 Nc4+
46. Kf5 Rh3 47. a4 Nd6+ 48. Ke5 Ke7 49. Rg7+ Nf7+ 50. Kf5 Kf8 51. Rg2 Nd6+ 52.
Ke6 Rh6+ 53. Kd7 Nf7 54. Kc7 b5 55. Kb7 a5 56. Kb6 bxa4 57. Bxa4 Rf6 58. Kxa5
Nd8 59. Kb6 Ne6 60. f5 Nf4 61. Rc2 Nd5+ 62. Kb7 Rf7+ 63. Kb8 Nb4 64. Rc4 c5 65.
Bb5 Rxf5 66. Kc7 Ke7 67. Re4+ Kf6 68. Bc4 Re5 69. Rf4+ Kg5 70. Rf1 Re4 71. Rc1
Re5 72. Kd6 Rf5 73. Be6 Rf2 74. Rxc5+ 1/2-1/2

[Event "Pyramiden Cup 2015"]
[Site "Fuerth"]
[Date "2015.09.04"]
[Round "2.12"]
[White "Schunk, Eduard"]
[Black "Lechermann, Markus"]
[Result "1-0"]
[WhiteElo "2319"]
[BlackElo "2042"]
[PlyCount "81"]
[EventDate "2015.??.??"]
[WhiteTeam "TSV Bindlach"]
[BlackTeam "MTV Ingolstadt"]

1. e4 c5 2. Nf3 e6 3. d3 Nc6 4. g3 d6 5. Bg2 g6 6. Bg5 Qb6 7. Qc1 Bg7 8. c3
Nge7 9. O-O O-O 10. Na3 e5 11. Rb1 Be6 12. b4 cxb4 13. cxb4 f6 14. Be3 Nd4 15.
Nxd4 exd4 16. Nc4 Bxc4 17. Qxc4+ d5 18. Qxd4 Qxd4 19. Bxd4 Rfd8 20. Bc5 Bf8 21.
b5 b6 22. Be3 Rac8 23. Rfc1 Kf7 24. a4 Rxc1+ 25. Rxc1 Rc8 26. Ra1 Rc3 27. Bf1
Ke6 28. a5 Rb3 29. axb6 axb6 30. Bxb6 Rxb5 31. Bd4 dxe4 32. dxe4 Rb4 33. Ra6+
Kd7 34. Bxf6 Rxe4 35. Ra8 Bh6 36. Rh8 Nf5 37. Rxh7+ Ke6 38. Bc3 Bf8 39. Bd3 Ra4
40. Bb5 Ra3 41. Bc4+ 1-0

[Event "Pyramiden Cup 2015"]
[Site "Fuerth"]
[Date "2015.09.04"]
[Round "2.13"]
[White "Bildt, Maximilian"]
[Black "Fischer, Johannes"]
[Result "0-1"]
[WhiteElo "1976"]
[BlackElo "2269"]
[PlyCount "86"]
[EventDate "2015.??.??"]
[WhiteTeam "SK Zirndorf"]
[BlackTeam "SW Nürnberg Süd"]

1. e4 c5 2. Nf3 d6 3. d4 cxd4 4. Nxd4 Nf6 5. Nc3 a6 6. Be3 e5 7. Nb3 Be6 8. Qd2
Nbd7 9. f3 Nb6 10. O-O-O Rc8 11. g4 Nc4 12. Bxc4 Bxc4 13. g5 Nd7 14. Nd5 Bxd5
15. Qxd5 Qc7 16. Rd2 Be7 17. h4 O-O 18. Kb1 Nb6 19. Bxb6 Qxb6 20. Re2 Qc6 21.
Rd1 Qxd5 22. Rxd5 f6 23. gxf6 Rxf6 24. Nd2 Rg6 25. b3 Bxh4 26. Nc4 Be7 27. Red2
h5 28. Nxd6 Bxd6 29. Rxd6 Rxd6 30. Rxd6 Rc3 31. Rd5 Rxf3 32. Rxe5 h4 33. Rh5 h3
34. Kb2 g6 35. Rh4 Rg3 36. e5 g5 37. Rh5 g4 38. e6 Kf8 39. Rh7 Rg2 40. Kc3 Re2
41. Rh4 h2 42. Kd3 Rf2 43. a4 Rf3+ 0-1

[Event "Pyramiden Cup 2015"]
[Site "Fuerth"]
[Date "2015.09.04"]
[Round "2.14"]
[White "Miller, Eduard"]
[Black "Brem, Stephan"]
[Result "1-0"]
[WhiteElo "2245"]
[BlackElo "2063"]
[PlyCount "59"]
[EventDate "2015.??.??"]
[WhiteTeam "SC Erlangen"]
[BlackTeam "SU Ebersberg-Grafing"]

1. d4 d6 2. e4 Nf6 3. f3 c6 4. c4 e5 5. d5 Be7 6. Be3 O-O 7. Nc3 Ne8 8. Qd2 f5
9. exf5 Bxf5 10. Nge2 Nf6 11. Ng3 cxd5 12. Nxf5 d4 13. Bxd4 exd4 14. Qg5 g6 15.
Nxd4 Nc6 16. Ne6 Qb6 17. O-O-O Rf7 18. c5 Qb4 19. cxd6 Ne4 20. Qe3 Nxc3 21.
Qxc3 Bxd6 22. Bc4 Ne5 23. Bb3 Qxc3+ 24. bxc3 Ba3+ 25. Kb1 Kh8 26. Rd5 Nc6 27.
Rhd1 Re7 28. Rd7 Rae8 29. Rxe7 Rxe7 30. Kc2 1-0

[Event "Pyramiden Cup 2015"]
[Site "Fuerth"]
[Date "2015.09.04"]
[Round "2.15"]
[White "Loew, Gerald"]
[Black "Willim, Michael"]
[Result "1-0"]
[WhiteElo "2273"]
[BlackElo "2100"]
[PlyCount "133"]
[EventDate "2015.??.??"]
[WhiteTeam "TSV Bindlach"]
[BlackTeam "SC Erlangen"]

1. c4 c5 2. g3 g6 3. Bg2 Bg7 4. Nc3 Nf6 5. e4 d6 6. Nge2 Nc6 7. d3 a6 8. O-O
Rb8 9. a4 O-O 10. h3 Ne8 11. Be3 Nc7 12. d4 cxd4 13. Nxd4 Ne6 14. Nde2 Nc5 15.
f4 Qa5 16. Rb1 Be6 17. Nd5 Bxd5 18. cxd5 Nb4 19. b3 b5 20. axb5 Qxb5 21. Nd4
Qd3 22. Qxd3 Ncxd3 23. Rfd1 Rfc8 24. Kf1 Rb7 25. Ke2 Nc5 26. Rd2 Rbc7 27. Kf3
Nd7 28. Bf1 Rc3 29. Bc4 Nb6 30. Be2 f5 31. Nc6 Nxc6 32. dxc6 fxe4+ 33. Kf2 d5
34. Bxb6 R8xc6 35. Bd4 Rc2 36. Rbd1 Bxd4+ 37. Rxd4 R6c3 38. Rxd5 Rxb3 39. Re5
Rf3+ 40. Ke1 Re3 41. Rd2 Rxd2 42. Kxd2 Rxg3 43. Bg4 Kf7 44. Rxe4 h5 45. Be6+
Kf6 46. Bc8 a5 47. Ke2 Rc3 48. Bd7 Rc7 49. Bb5 Rc5 50. Bd3 e5 51. Kf3 exf4 52.
Rxf4+ Kg7 53. Rd4 g5 54. Ke4 Kf6 55. Rd6+ Kf7 56. Kd4 Rc1 57. Rh6 a4 58. Rxh5
a3 59. Rh7+ Kf6 60. Rh6+ Kf7 61. Ra6 Ra1 62. Ke5 Kg7 63. Ra7+ Kf8 64. Kf6 Ke8
65. Bf5 Kd8 66. Kxg5 a2 67. Kf6 1-0

[Event "Pyramiden Cup 2015"]
[Site "Fuerth"]
[Date "2015.09.04"]
[Round "2.16"]
[White "Saathoff, Richard"]
[Black "Promyshlyanskyy, Vitaliy"]
[Result "0-1"]
[WhiteElo "2106"]
[BlackElo "2236"]
[PlyCount "56"]
[EventDate "2015.??.??"]
[WhiteTeam "SW Nürnberg Süd"]
[BlackTeam "SC NT Nürnberg"]

1. e4 e5 2. f4 Nc6 3. Nf3 f5 4. exf5 e4 5. Ne5 Nf6 6. Nc3 d5 7. Bb5 Bd7 8. d4
Bb4 9. Nxd7 Qxd7 10. g4 O-O-O 11. Be3 h5 12. g5 Ng4 13. Qd2 a6 14. Bf1 Ne7 15.
O-O-O Nxe3 16. Qxe3 Nxf5 17. Qh3 Bxc3 18. bxc3 g6 19. Be2 Qd6 20. Kb2 Qxf4 21.
Rhg1 Rd6 22. Ka1 Rhd8 23. Rb1 Qd2 24. Bd1 e3 25. Bf3 Qxc3+ 26. Rb2 Rb6 27. Rgb1
Rxb2 28. Rxb2 e2 0-1

[Event "Pyramiden Cup 2015"]
[Site "Fuerth"]
[Date "2015.09.04"]
[Round "2.17"]
[White "Niedermeier, Thomas"]
[Black "Eck, Mathias"]
[Result "1-0"]
[WhiteElo "2226"]
[BlackElo "2085"]
[PlyCount "73"]
[EventDate "2015.??.??"]
[WhiteTeam "SG Pang-Rosenheim"]
[BlackTeam "SFDarmstadt"]

1. e4 c6 2. d4 d5 3. f3 dxe4 4. fxe4 e5 5. Nf3 Bg4 6. Bc4 Nd7 7. c3 Bh5 8. O-O
Ngf6 9. Bg5 Be7 10. Nbd2 h6 11. Bh4 O-O 12. Qe1 Qc7 13. dxe5 Nxe5 14. Nxe5 Qxe5
15. Bxf6 Bxf6 16. Rf5 Qe7 17. Rxh5 Bg5 18. Kh1 Bxd2 19. Qxd2 Qxe4 20. Qd4 Qxd4
21. cxd4 Rad8 22. d5 g6 23. Re5 b5 24. Bb3 c5 25. Rd1 Rd6 26. Bc2 Rfd8 27. Be4
Kg7 28. Bf3 Ra6 29. a3 Rdd6 30. Re7 b4 31. axb4 cxb4 32. Rb7 Ra4 33. h3 a5 34.
Rc1 Ra2 35. Rc6 Rf6 36. Rc2 Rf4 37. Rd2 1-0

[Event "Pyramiden Cup 2015"]
[Site "Fuerth"]
[Date "2015.09.04"]
[Round "2.18"]
[White "Diller, Peter"]
[Black "Dorst, Johannes"]
[Result "0-1"]
[WhiteElo "2053"]
[BlackElo "2223"]
[PlyCount "90"]
[EventDate "2015.??.??"]
[WhiteTeam "SK Rothenburg"]
[BlackTeam "SK Marburg"]

1. e4 e6 2. f4 d5 3. e5 c5 4. Nf3 Nc6 5. c3 Nh6 6. Bd3 Be7 7. O-O Qa5 8. Bc2 b5
9. d4 b4 10. Be3 Ba6 11. Re1 Rb8 12. Nbd2 c4 13. Nf1 bxc3 14. bxc3 Qxc3 15. Ba4
Bb5 16. Rb1 Qa5 17. Bc2 Qa3 18. Bd2 Nf5 19. Bxf5 exf5 20. Ne3 c3 21. Bxc3 Qxc3
22. Nxd5 Qa5 23. Qc2 Nb4 24. Qc3 Bd3 25. Nxb4 Bxb1 26. Rxb1 O-O 27. a3 Qb5 28.
Rb2 Rfc8 29. Qd2 Qc4 30. h3 Qc1+ 31. Qxc1 Rxc1+ 32. Kf2 a5 33. d5 Bc5+ 34. Ke2
axb4 35. d6 b3 36. Kd2 Rc2+ 37. Rxc2 bxc2 38. Kxc2 Kf8 39. Kc3 Bxa3 40. Kc4 Ke8
41. Kd5 Rb5+ 42. Kc6 Rc5+ 43. Kb6 Rc4 44. g3 Rc3 45. Nd4 Bc5+ 0-1

[Event "Pyramiden Cup 2015"]
[Site "Fuerth"]
[Date "2015.09.04"]
[Round "2.19"]
[White "Heimrath, Reiner"]
[Black "Krauss, Josef"]
[Result "1/2-1/2"]
[WhiteElo "2191"]
[BlackElo "2098"]
[PlyCount "134"]
[EventDate "2015.??.??"]
[WhiteTeam "SC Noris-Tarrasch Nürnberg"]
[BlackTeam "SK Schweinfurt"]

1. e4 d6 2. d4 Nf6 3. Nc3 Nbd7 4. Nf3 e5 5. Bc4 Be7 6. O-O O-O 7. a4 c6 8. Re1
b6 9. d5 cxd5 10. Nxd5 Bb7 11. b3 Rc8 12. Re2 Nxd5 13. Bxd5 Bxd5 14. Qxd5 Nf6
15. Qd1 d5 16. exd5 Qxd5 17. Qxd5 Nxd5 18. c4 Nc3 19. Re3 Nd1 20. Re1 Rfd8 21.
Bg5 Bxg5 22. Nxg5 Nb2 23. Rxe5 f6 24. Re2 Nxc4 25. Nf3 Na5 26. b4 Nb3 27. Rb1
Nd4 28. Re7 Nc6 29. Rb7 Nxb4 30. Rxa7 Nd5 31. Rd1 Nc3 32. Rxd8+ Rxd8 33. g3
Rd1+ 34. Kg2 Ra1 35. Rc7 Nxa4 36. Nd4 Nc5 37. Nf5 g6 38. Ne7+ Kf7 39. Nd5+ Ke6
40. Nxb6 Ne4 41. Rc2 f5 42. f3 Nd6 43. Re2+ Kf7 44. Rd2 Ke6 45. Nd5 Nc4 46.
Nf4+ Kf6 47. Re2 Rd1 48. h4 Rd2 49. Rxd2 Nxd2 50. Kf2 Nc4 51. Ke2 h6 52. Kd3
Ne5+ 53. Ke3 Nc4+ 54. Kd4 Nd2 55. Ke3 Nc4+ 56. Ke2 g5 57. Nd5+ Ke6 58. hxg5
hxg5 59. Nb4 Ke5 60. Kd3 Nd6 61. Nc6+ Kd5 62. Nd4 Ke5 63. Ne2 Kd5 64. f4 gxf4
65. gxf4 Nf7 66. Nc3+ Kd6 67. Kd4 Nh8 1/2-1/2